Opatření na trhu práce a veřejné služby zaměstnanosti
Od začiatku 90. rokov zdôrazňujú členské krajiny OECD v súvislosti s rastúcim problémom nezamestnanosti potrebu aktívnej politiky na trhu práce a reformu verejných služieb zamestnanosti. Analýza hlavných funkcií verejných služieb zamestnanosti: sprostredkovanie práce, kritériá dávok v nezamestnanost...
Enregistré dans:
| Auteur principal: | |
|---|---|
| Format: | Chapitre de livre |
| Langue: | tchèque |
| Sujets: | |
| Tags: |
Pas de tags, Soyez le premier à ajouter un tag!
|
MARC
| LEADER | 00000naa a2200000 4500 | ||
|---|---|---|---|
| 001 | r039795 | ||
| 005 | 20230913071543.1 | ||
| 041 | 0 | |a cze | |
| 044 | |a CZ | ||
| 245 | 1 | 0 | |a Opatření na trhu práce a veřejné služby zaměstnanosti |c Stanislav Beneš |
| 520 | |a Od začiatku 90. rokov zdôrazňujú členské krajiny OECD v súvislosti s rastúcim problémom nezamestnanosti potrebu aktívnej politiky na trhu práce a reformu verejných služieb zamestnanosti. Analýza hlavných funkcií verejných služieb zamestnanosti: sprostredkovanie práce, kritériá dávok v nezamestnanosti, aktívne programy zamestnanosti na trhu práce a možné spôsoby reštrukturalizácie celého systému. | ||
| 610 | 2 | 0 | |a trh práce |
| 610 | 2 | 0 | |a služby verejné |
| 610 | 2 | 0 | |a zamestnanosť |
| 610 | 2 | 0 | |a podpory v nezamestnanosti |
| 610 | 2 | 0 | |a sprostredkovanie práce |
| 610 | 2 | 0 | |a politika zamestnanosti |
| 610 | 2 | 0 | |a OECD |
| 100 | 1 | |a Beneš, Stanislav | |